10 Largest Cities in the USA - Statistics

General Stats
  • This quiz has been taken 56 times
  • The average score is 9 of 10
Answer Stats
State City % Correct
Texas Houston
98%
California Los Angeles
98%
New York New York City
98%
Illinois Chicago
93%
Texas Dallas
88%
Arizona Phoenix
88%
Pennsylvania Philadelphia
85%
Texas San Antonio
68%
California San Diego
68%
California San Jose
68%
No matching quizzes found
Score Distribution
Percent of People with Each Score
Percentile by Number Answered
Your Score History
You have not taken this quiz